000 00529nam a2200181Ia 4500
001 20193
005 20260306172748.0
008 260306t2021||||xx |||||||||||||| ||spa||
041 _aESP
082 _a343
_bB65
100 _aBlume Fortini, Ernesto
_eAUT
245 0 _aReflexiones constitucionales sobre el bicentenario:
_bsignificado, importancia y retos en la forja del Estado Constitucional peruano
260 _c2021
300 _a674 páginas :
_c24 cm.
650 _aGEN
654 _aCDE
942 _cLIB
_dJUS
_fJUS
_2ddc
_n
999 _c20193
_d20193